000 00825nam a22002417a 4500
001 BR7404037
003 BR-BrBNA
005 20230928084558.0
007 ta
008 230509b bl.||||| |||| 00| 0 por d
040 _aBR-BrBNA
_bpor
_cBiblioteca Nacional de Agricultura
041 _a(Por)
072 _aP12
_b/G514
090 _ P12 BR7404037
110 1 _aFundacao Rural Mineira, Colonizacao e Desenvolvimento Agrario, Belo Horizonte, MG (Brasil)
_95023
245 1 _aProjeto executivo de irrigacao de Mocambinho 1. etapa [Minas Gerais; Brasil]
_bRelatorio final v.1 - Descricao das obras e orcamento. v. 2 - Especificacoes tecnicas
260 3 _aBelo Horizonte, MG (Brasil):
_c1974.
300 _av. 1-2
650 _aIRRIGACAO
650 _aMINAS GERAIS
909 _a202309
_bLucia
_c55
_dLucia Elande
942 _cBK
999 _c19881
_d19881